Sociétés urbaines : Au risque de la métropole (notice n° 1566651)
[ vue normale ]
| 000 -LEADER | |
|---|---|
| fixed length control field | 01312cam a2200133 4500500 |
| 005 - DATE AND TIME OF LATEST TRANSACTION | |
| control field | 20251214002003.0 |
| 041 ## - LANGUAGE CODE | |
| Language code of text/sound track or separate title | fre |
| 042 ## - AUTHENTICATION CODE | |
| Authentication code | dc |
| 100 10 - MAIN ENTRY--PERSONAL NAME | |
| Personal name | Deboulet, Agnès |
| Relator term | author |
| 245 00 - TITLE STATEMENT | |
| Title | Sociétés urbaines : Au risque de la métropole |
| 260 ## - PUBLICATION, DISTRIBUTION, ETC. | |
| Name of publisher, distributor, etc. | Armand Colin,<br/> |
| Date of publication, distribution, etc. | 2022.<br/> |
| 520 ## - SUMMARY, ETC. | |
| Summary, etc. | 75 % de la population mondiale vivra en ville en 2050, soit près de 2 milliards de personnes de plus qu’aujourd’hui : face à cette internationalisation des flux et des migrations, les villes n’ont d’autre choix que de se restructurer, se rénover, et ces changements confrontent les citadins et les décideurs à des défis inédits. Cet ouvrage interroge la façon dont ces recompositions urbaines et sociétales majeures se donnent à voir et sont pensées par les décideurs et les habitants. En s'appuyant sur du matériel d’enquêtes de première main, menées dans des villes occidentales et des métropoles des pays émergents et pauvres, il présente comment l’urgence de ces adaptations modifie le rapport à la ville et la définition même des sociétés urbaines, et met en évidence l’émergence de nouvelles formes de démocratie locale issues d’initiatives citoyennes. |
| 856 41 - ELECTRONIC LOCATION AND ACCESS | |
| Uniform Resource Identifier | <a href="https://shs.cairn.info/societes-urbaines--9782200627348?lang=fr&redirect-ssocas=7080">https://shs.cairn.info/societes-urbaines--9782200627348?lang=fr&redirect-ssocas=7080</a> |
Pas d'exemplaire disponible.




Réseaux sociaux